[Event "AUTO-ADV-2903"]
[Site "http://www.queenalice.com/game.php?id=1199203"]
[Date "2013.7.12"]
[Round "1"]
[White "dcelink"]
[Black "RobertD"]
[Result "1-0"]
[WhiteElo "1712"]
[BlackElo "1869"]

1. d4 d5 2. Nc3 e6 3. g3 Bb4 4. Qd3 Nf6 5. f3 Nbd7 6. a3 Bxc3+ 7. Qxc3 O-O 8.
Bf4 c6 9. Be5 Qb6 10. Qb4 Ne8 11. Qxb6 Nxb6 12. b3 f6 13. Bf4 g5 14. Bd2 Nd6 15.
Bb4 Rd8 16. Bh3 Nf5 17. Bxf5 exf5 18. Be7 Re8 19. Bxf6 g4 20. Bg5 Bd7 21. O-O-O
Re6 22. fxg4 fxg4 23. h3 gxh3 24. Bf4 Rae8 25. Rxh3 Rxe2 26. Rh5 Re1 27. Rg5+
Kf7 28. Nf3 Rxd1+ 29. Kxd1 h6 30. Ne5+ Ke7 31. Rh5 Kd8 32. Nxd7 Kxd7 33. Rxh6
Nc8 34. Rh7+ Re7 35. Rh2 Rg7 36. Rg2 Rg4 37. Ke2 Ne7 38. Kf3 Rg8 39. g4 Ng6 40.
Kg3 Nxf4 41. Kxf4 Ke6 42. g5 b6 43. g6 Kf6 44. g7 a5 45. b4 axb4 46. axb4 Ke6
47. Rg6+ Kf7 48. Rxc6 Kxg7 49. Ke5 Rd8 50. Rxb6 Rc8 51. Kxd5 Rxc2 52. Ke6 Re2+
53. Kd6 Kf7 54. d5 Ke8 55. Rb8+ Kf7 56. b5 1-0

[Event "AUTO-ADV-2903"]
[Site "http://www.queenalice.com/game.php?id=1199210"]
[Date "2013.7.12"]
[Round "1"]
[White "nnetto"]
[Black "dcelink"]
[Result "1-0"]
[WhiteElo "1855"]
[BlackElo "1732"]

1. e4 Nf6 2. e5 Nd5 3. d4 d6 4. Nf3 e6 5. c4 Nb4 6. Bg5 f6 7. exf6 gxf6 8. Be3
e5 9. Qa4+ N4c6 10. d5 Bd7 11. dxc6 Bxc6 12. Qc2 Bxf3 13. gxf3 c5 14. Nc3 a6 15.
Nd5 h5 16. Qg6+ Kd7 17. Qf7+ Qe7 18. Nxe7 1-0

[Event "AUTO-ADV-2903"]
[Site "http://www.queenalice.com/game.php?id=1199211"]
[Date "2013.7.12"]
[Round "1"]
[White "dcelink"]
[Black "nnetto"]
[Result "0-1"]
[WhiteElo "1742"]
[BlackElo "1897"]

1. Nf3 Nf6 2. d4 g6 3. e3 Bg7 4. Bd3 O-O 5. O-O d6 6. h3 Nbd7 7. Nc3 Re8 8. e4
c6 9. a3 e5 10. Re1 exd4 11. Nxd4 Nc5 12. b4 Ng4 13. Bc4 Nxf2 14. Kxf2 Qf6+ 15.
Kg1 Qxd4+ 16. Qxd4 Bxd4+ 17. Re3 Nxe4 18. Nxe4 Rxe4 19. Rb1 Bxe3+ 20. Bxe3 Rxc4
21. Rc1 Bf5 22. c3 Be4 23. Bd2 f5 24. Rf1 Re8 25. Re1 b5 26. g3 Kf7 27. Rf1 Kf6
28. g4 h5 29. gxf5 Bxf5 0-1

[Event "Let's Play Chess!"]
[Site "http://www.queenalice.com/game.php?id=1199392"]
[Date "2013.7.13"]
[Round "-"]
[White "princetime"]
[Black "dcelink"]
[Result "0-1"]
[WhiteElo "1100"]
[BlackElo "1722"]

1. g3 Nc6 2. d4 d5 3. Nf3 g6 4. Bg2 Bg7 5. h3 Nf6 6. Nc3 O-O 7. e3 Bf5 8. a3 Re8
9. O-O Ne4 10. Qe1 a6 11. Nh4 Nxc3 12. Nxf5 gxf5 13. Qxc3 Qd6 0-1

[Event "AUTO-INT-2681"]
[Site "http://www.queenalice.com/game.php?id=1200236"]
[Date "2013.7.16"]
[Round "1"]
[White "LeandroSouza"]
[Black "dcelink"]
[Result "0-1"]
[WhiteElo "1725"]
[BlackElo "1732"]

1. e4 d5 2. exd5 Qxd5 3. Nc3 Qe5+ 4. Qe2 Qxe2+ 5. Bxe2 e5 6. a3 Nf6 7. h3 Nc6 8.
d3 Be7 9. Nb5 Bd6 10. Bg5 a6 11. Nxd6+ cxd6 12. Bxf6 gxf6 13. c3 Rg8 14. Bf3 Bf5
15. Rd1 O-O-O 16. Ne2 d5 17. O-O Bxh3 18. g3 Bxf1 19. Kxf1 f5 20. Bh5 f6 21. b4
Rg5 22. Bf3 e4 23. dxe4 dxe4 24. Rxd8+ Nxd8 25. Bg2 Ne6 26. a4 b5 27. axb5 axb5
28. Nd4 Nxd4 29. cxd4 Rg7 30. Ke2 Kd7 31. d5 Kd6 32. Ke3 Kxd5 33. Bf1 Rb7 34.
Kf4 Ke6 35. Bh3 Rc7 36. Bxf5+ Kd6 37. Bxe4 Rc4 38. Kf3 h6 39. Kf4 Rxb4 40. f3
Ke6 41. g4 Ra4 42. Kg3 b4 43. Kh4 Ra5 44. Kg3 b3 45. Kh4 Rb5 46. Bd3 Rb4 47. Kh5
b2 48. Kxh6 Rf4 49. g5 fxg5 50. Kxg5 Rxf3 51. Be4 Rg3+ 52. Kf4 Rg1 53. Kf3 b1=Q
54. Bxb1 Rxb1 55. Ke3 Ke5 56. Kd2 Ke4 57. Kc2 Re1 58. Kd2 Re3 59. Kc2 Rd3 60.
Kc1 Kd4 61. Kc2 Kc4 62. Kb2 Rc3 63. Ka2 Rb3 64. Ka1 Kc3 65. Ka2 Kc2 66. Ka1 Ra3#
0-1

[Event "AUTO-INT-2681"]
[Site "http://www.queenalice.com/game.php?id=1200252"]
[Date "2013.7.16"]
[Round "1"]
[White "santanacampos"]
[Black "dcelink"]
[Result "1-0"]
[WhiteElo "1587"]
[BlackElo "1724"]

1. e4 d5 2. Nf3 dxe4 3. Ng5 Qd5 4. d3 exd3 5. cxd3 h6 6. Ne4 e6 7. Nbc3 Qd4 8.
Bf4 Na6 9. a3 f5 10. Rc1 fxe4 11. Nb5 Qxb2 12. dxe4 Qf6 13. Nxc7+ Nxc7 14. Rxc7
Qd8 15. Bb5+ Bd7 16. Rxd7 Qa5+ 17. Qd2 Qxb5 18. Rc7 Rd8 19. Qa2 Qa5+ 20. Ke2
Qa6+ 21. Kf3 Qxa3+ 22. Qxa3 Bxa3 23. Rxb7 g5 24. Be5 g4+ 25. Kxg4 Nf6+ 26. Bxf6
Rg8+ 27. Kh5 Rd7 28. Rb8+ Kf7 29. Rxg8 Kxg8 30. Kxh6 a5 31. Ra1 Bb4 32. g4 Rh7+
33. Kg6 Rxh2 34. Bd4 e5 35. Bxe5 Rxf2 36. Rh1 Kf8 37. Rh8+ Ke7 38. g5 a4 39.
Rh7+ Ke6 40. Bd4 Rc2 41. Kg7 Bc3 42. Bxc3 Rxc3 43. g6 a3 44. Rh2 Rb3 45. Kh8 Rb2
46. Rh1 a2 47. g7 Rg2 48. g8=Q+ Rxg8+ 49. Kxg8 Ke5 50. Ra1 Kxe4 51. Rxa2 Kd5 52.
Ra4 Ke5 53. Kg7 Kd5 54. Kf6 Kd6 55. Ra5 Kc6 56. Ke6 Kb6 57. Rd5 Kc6 58. Rg5 Kc7
59. Kd5 Kb6 60. Kd6 1-0

[Event "AUTO-INT-2681"]
[Site "http://www.queenalice.com/game.php?id=1200253"]
[Date "2013.7.16"]
[Round "1"]
[White "dcelink"]
[Black "santanacampos"]
[Result "1-0"]
[WhiteElo "1702"]
[BlackElo "1599"]

1. e3 e5 2. Nf3 Qe7 3. d4 e4 4. Ne5 d5 5. Nc3 Nf6 6. a3 Nbd7 7. Nxd7 Bxd7 8. f3
O-O-O 9. fxe4 Nxe4 10. Nxe4 Qxe4 11. Bd3 Qxg2 12. Rf1 Qxh2 13. Rxf7 Qh1+ 14. Bf1
Be6 15. Qf3 Qxf3 16. Rxf3 Bd6 17. Bh3 Bxh3 18. Rxh3 g5 19. e4 g4 20. Re3 dxe4
21. Rxe4 Rde8 22. Rxe8+ Rxe8+ 23. Kf1 g3 24. Bd2 h5 25. c4 h4 26. c5 Bf8 27. Bf4
Re4 28. Bg5 h3 29. Kg1 Rxd4 30. b4 Bg7 31. Re1 Rd2 32. Bxd2 Bd4+ 33. Be3 Bc3 34.
Rf1 g2 35. Rf3 Bb2 36. Bf2 Bxa3 37. Rxa3 b5 38. Kh2 1-0

[Event "AUTO-INT-2681"]
[Site "http://www.queenalice.com/game.php?id=1200264"]
[Date "2013.7.16"]
[Round "1"]
[White "dcelink"]
[Black "Deco30"]
[Result "1-0"]
[WhiteElo "1748"]
[BlackElo "1653"]

1. e3 e5 2. d4 d6 3. dxe5 d5 4. Nc3 c6 5. e4 d4 6. Nce2 Bg4 7. f3 Bh5 8. Qxd4
Nd7 9. Nf4 c5 10. Qd5 Qc7 11. Nxh5 Nxe5 12. Bb5+ Nc6 13. Bxc6+ bxc6 14. Bf4 Qa5+
15. Qd2 Qb6 16. Qc3 f6 17. e5 Qd8 18. exf6 Nxf6 19. Bg5 Qe7+ 20. Kf2 O-O-O 21.
Bxf6 gxf6 22. Qxf6 Rd2+ 23. Kg3 Qc7+ 24. Kh3 Rg8 25. Qe6+ Qd7 26. Qxd7+ Rxd7 27.
Nf6 Rdg7 28. Nxg8 Rxg8 29. g4 Bg7 30. c3 c4 31. Ne2 Rf8 32. Kg2 c5 33. Ng3 Bf6
34. Ne4 Be7 35. Rhe1 Kc7 36. b3 cxb3 37. axb3 Rd8 38. Rxa7+ Kc6 39. Rxe7 Rd3 40.
Rxh7 Kb5 41. Rh6 Rd5 42. c4+ Kb4 43. cxd5 Kxb3 44. d6 c4 45. d7 c3 46. d8=Q Kb2
47. Nxc3 Kxc3 48. Rc6+ Kb2 49. Qb8+ Ka2 50. Ra6# 1-0

[Event "AUTO-INT-2681"]
[Site "http://www.queenalice.com/game.php?id=1200265"]
[Date "2013.7.16"]
[Round "1"]
[White "Deco30"]
[Black "dcelink"]
[Result "0-1"]
[WhiteElo "1596"]
[BlackElo "1760"]

1. e4 d5 2. d3 dxe4 3. dxe4 Qxd1+ 4. Kxd1 e5 5. f3 Nf6 6. Bb5+ Bd7 7. Bxd7+
Nbxd7 8. a4 Rd8 9. Nd2 g6 10. b3 Bb4 11. Ke2 O-O 12. Nh3 Bxd2 13. Bxd2 b6 14. g4
Nc5 15. Bb4 a5 16. Bxc5 bxc5 17. g5 Nd7 18. f4 Rb8 19. Rhf1 Rb4 20. Ke3 Re8 21.
Rad1 Rd4 22. Rxd4 cxd4+ 23. Kd3 c5 24. c4 Rb8 25. Rb1 exf4 26. Nxf4 Ne5+ 27. Kd2
Nxc4+ 28. Kd3 Ne5+ 29. Kc2 Nf3 30. Nd3 Rc8 31. h4 Nxh4 32. Rg1 c4 33. Ne5 cxb3+
34. Kxb3 Re8 35. Nd7 Kg7 36. Nf6 Re5 37. Kc4 Nf3 38. Rg2 Rxg5 39. Ne8+ Kf8 40.
Rxg5 Nxg5 41. Nd6 h5 42. Kxd4 h4 43. Ke3 Ne6 44. Nb7 Kg7 45. Nxa5 Nc5 46. Nc4
Nxa4 47. Nd6 Nc5 48. Ne8+ Kh6 49. Nf6 g5 50. Kf3 Kg6 51. e5 Kf5 52. Ng4 Nd3 53.
Nh6+ Kg6 54. Ng4 Kf5 55. Ke3 Kxg4 56. Kxd3 h3 57. Ke2 h2 0-1

[Event "Challenge"]
[Site "http://www.queenalice.com/game.php?id=1200745"]
[Date "2013.7.18"]
[Round "-"]
[White "ladyofknight"]
[Black "dcelink"]
[Result "1/2-1/2"]
[WhiteElo "1752"]
[BlackElo "1708"]

1. e4 d5 2. exd5 Qxd5 3. Nc3 Qe5+ 4. Be2 Qg5 5. Bf3 c6 6. d4 Qa5 7. Bd2 c5 8.
Nd5 Qd8 9. dxc5 e6 10. Qe2 Bxc5 11. O-O-O Nf6 12. Nc3 Nc6 13. Qb5 Bxf2 14. Nh3
Qb6 15. Nxf2 O-O 16. Qxb6 axb6 17. Rhe1 e5 18. Bxc6 bxc6 19. Nce4 Ng4 20. h3
Nxf2 21. Nxf2 Re8 22. Bc3 f6 23. g4 Rxa2 24. Kb1 Be6 25. b3 Bxb3 26. cxb3 Rxf2
27. Re3 e4 28. Rde1 Kf7 29. h4 Rf3 30. Bd2 Rd8 31. Rxf3 exf3 32. Bc1 Rd4 33. Rf1
Rxg4 34. Rxf3 Rxh4 35. Rc3 c5 36. Rc4 Rxc4 37. bxc4 h5 38. Bf4 h4 39. Bc7 h3 40.
Kc2 g5 41. Kd2 Kg6 42. Ke3 g4 43. Kf2 f5 44. Kg3 Kg5 45. Bd8+ Kh5 46. Kh2 Kg6
47. Bxb6 f4 48. Bxc5 f3 49. Bf2 Kf5 50. c5 Ke6 51. Bg3 Kd7 52. Kg1 Kc6 53. Bd6
Kd7 54. Kf2 Kc6 55. Bh2 Kxc5 56. Bb8 Kd4 57. Ba7+ Ke4 58. Bb8 Kf5 59. Ke3 Kg5
60. Bg3 Kf5 61. Kf2 Ke4 62. Bh2 1/2-1/2

[Event "Let's Play Chess!"]
[Site "http://www.queenalice.com/game.php?id=1201517"]
[Date "2013.7.21"]
[Round "-"]
[White "spawnwolfwolverine"]
[Black "dcelink"]
[Result "0-1"]
[WhiteElo "1847"]
[BlackElo "1679"]

1. d4 d5 2. e3 Nf6 3. g3 e6 4. Bg2 Bd6 5. Nf3 Nc6 6. O-O b6 7. b3 e5 8. dxe5
Nxe5 9. Bb2 Nxf3+ 10. Bxf3 O-O 11. Nd2 a5 12. Bxf6 Qxf6 13. Bxd5 Bh3 14. Bxa8
Bxf1 15. Qxf1 Rxa8 16. Ne4 Qg6 17. Nxd6 cxd6 18. c4 a4 19. Qd3 Qxd3 20. bxa4
Rxa4 21. f4 Rxc4 22. a4 Qxe3+ 23. Kf1 Qd3+ 24. Kg2 Qc2+ 25. Kh3 Qc3 26. Rd1 Qa3
27. f5 Rxa4 28. f6 gxf6 29. Kg2 b5 30. h4 Qc5 31. h5 Ra2+ 32. Kh3 Qxh5# 0-1

[Event "Challenge"]
[Site "http://www.queenalice.com/game.php?id=1201518"]
[Date "2013.7.21"]
[Round "-"]
[White "Gadou"]
[Black "dcelink"]
[Result "0-1"]
[WhiteElo "1436"]
[BlackElo "1703"]

1. e4 d5 2. e5 f6 3. exf6 Nxf6 4. Qf3 Bg4 5. Qd3 e5 6. h3 e4 7. Qd4 Bd7 8. Qe5+
Be7 9. Be2 Nc6 10. Qg3 g6 11. h4 Bd6 12. f4 Nd4 13. Kf1 Nxc2 14. b3 Nxa1 15. Bb2
Nc2 16. Qg5 O-O 17. Bxf6 Qxf6 18. Qxd5+ Kg7 19. Qxe4 Qxf4+ 20. Qf3 Qxf3+ 21.
gxf3 Bc6 22. Rh3 Ne3+ 23. dxe3 a6 24. a4 Bc5 25. Kf2 b5 26. Nc3 Rae8 27. h5
Bxe3+ 28. Kg2 Bxg1 29. Bd3 Bd4 30. Ne4 bxa4 31. h6+ Kh8 32. bxa4 Bxa4 33. Bxa6
Rb8 34. Kg3 Bb5 35. Bxb5 Rxb5 36. Kg4 c5 37. Nd6 Rb4 38. Rh1 Be5+ 0-1

[Event "Let's Play Chess!"]
[Site "http://www.queenalice.com/game.php?id=1201519"]
[Date "2013.7.21"]
[Round "-"]
[White "Cheshco"]
[Black "dcelink"]
[Result "1-0"]
[WhiteElo "1500"]
[BlackElo "1714"]

1. d4 d5 2. c4 dxc4 3. Nc3 Nc6 4. Nf3 e6 5. e4 f6 6. Bxc4 Na5 7. Qa4+ Nc6 8. d5
exd5 9. exd5 Qe7+ 10. Be3 Qb4 11. dxc6 Qxa4 12. Nxa4 Bb4+ 13. Bd2 Bxd2+ 14. Kxd2
bxc6 15. Rhe1+ Ne7 16. Nd4 Bd7 17. Nc5 Rb8 18. Rad1 Rxb2+ 19. Kd3 Rxf2 20. Rb1
Bc8 21. Rb8 Kd8 22. Bf7 Nd5 23. Nxc6# 1-0

[Event "Let's Play Chess!"]
[Site "http://www.queenalice.com/game.php?id=1206505"]
[Date "2013.8.9"]
[Round "-"]
[White "charles31"]
[Black "dcelink"]
[Result "1-0"]
[WhiteElo "1808"]
[BlackElo "1745"]

1. e4 d5 2. e5 Nc6 3. d4 a6 4. Nc3 f6 5. exf6 exf6 6. Be3 Bb4 7. Bd3 Bxc3+ 8.
bxc3 g6 9. Qe2 f5 10. Qf3 Nf6 11. Bg5 h6 12. Bxf6 Qxf6 13. Qxd5 Qe6+ 14. Qxe6+
Bxe6 15. Ne2 O-O-O 16. O-O Rhe8 17. Rfe1 g5 18. c4 Nb4 19. d5 Nxd3 20. cxd3 Bf7
21. Nc3 h5 22. f3 h4 23. Kf2 Rxe1 24. Rxe1 f4 25. Re7 Bg6 26. Ke2 Re8 27. Rxe8+
Bxe8 28. Ne4 g4 29. fxg4 Bd7 30. h3 Kd8 31. Kf3 Ke7 32. Kxf4 Ke8 33. c5 c6 34.
d6 Be6 35. a3 Bb3 36. d4 Kd8 37. Kg5 Bc2 38. Nf6 a5 39. Kxh4 Bd3 40. Kg3 Bg6 41.
h4 1-0

[Event "Challenge"]
[Site "http://www.queenalice.com/game.php?id=1206983"]
[Date "2013.8.10"]
[Round "-"]
[White "dcelink"]
[Black "Knightgirl"]
[Result "0-1"]
[WhiteElo "1769"]
[BlackElo "1705"]

1. Nc3 e6 2. Nf3 Nf6 3. a3 Bd6 4. e3 O-O 5. d4 Nc6 6. d5 exd5 7. Nxd5 Ne5 8. h3
Nxf3+ 9. Qxf3 Be7 10. Bd3 c6 11. Nxf6+ Bxf6 12. O-O g6 13. Rb1 Qe7 14. e4 d6 15.
b3 Qe5 16. Bf4 Qe6 17. Bc4 Qe7 18. Rbd1 Be5 19. a4 Be6 20. Bh6 Rfd8 21. Bxe6
Qxe6 22. Bf4 Qf6 23. Bxe5 Qxf3 24. gxf3 dxe5 25. Rd3 Rxd3 26. cxd3 a5 27. Rc1
Rd8 28. Rc3 Rd6 29. Kg2 Kg7 30. Kg3 g5 31. Kg4 Kg6 32. f4 h5+ 33. Kg3 gxf4+ 34.
Kg2 Kg5 35. f3 Rg6 36. Kh2 Kh4 37. Rc5 Rg3 38. Rxe5 Rxh3+ 39. Kg2 Rg3+ 40. Kf2
Rg5 41. Rxg5 Kxg5 42. Kg2 Kh4 43. d4 Kg5 44. Kh3 h4 45. d5 cxd5 46. exd5 Kf6 47.
Kxh4 Ke5 48. Kg4 Kxd5 49. Kxf4 Kc5 50. Kf5 Kb4 51. Kf6 Kxb3 52. Kxf7 Kxa4 53.
Ke6 b5 54. f4 b4 55. f5 b3 56. f6 b2 57. f7 b1=Q 58. f8=Q Qe4+ 59. Kd7 Qd5+ 60.
Qd6 Qxd6+ 61. Kxd6 Kb4 62. Kc6 a4 0-1

[Event "Challenge"]
[Site "http://www.queenalice.com/game.php?id=1359937"]
[Date "2015.5.16"]
[Round "-"]
[White "dcelink"]
[Black "JORAM2205"]
[Result "0-1"]
[WhiteElo "1738"]
[BlackElo "1701"]

1. d4 d5 2. Nc3 e6 3. Nf3 Nf6 4. e3 Nc6 5. Bb5 Bd7 6. O-O Bd6 7. Bxc6 Bxc6 8. a3
h6 9. b3 O-O 10. a4 Qe7 11. Nb1 Ne4 12. Ba3 Bxa3 13. Nxa3 Rfd8 0-1

[Event "Challenge"]
[Site "http://www.queenalice.com/game.php?id=1363013"]
[Date "2015.6.2"]
[Round "-"]
[White "JORAM2205"]
[Black "dcelink"]
[Result "1-0"]
[WhiteElo "1724"]
[BlackElo "1721"]

1. e4 d5 2. Nc3 e6 3. Nf3 Nf6 4. d3 dxe4 5. Ne5 exd3 6. cxd3 Bd6 7. Nf3 Bb4 8.
Bd2 Bxc3 9. Bxc3 Nc6 10. Qd2 h6 11. d4 Ne4 12. Qe2 Nxc3 13. bxc3 a6 14. g3 O-O
15. Qe3 Re8 16. Bd3 Rb8 17. O-O Kf8 18. Rae1 Qd5 19. c4 Qd8 20. Bh7 b5 21. c5 a5
22. a3 b4 23. Be4 Bb7 24. Rd1 Ne7 25. Bxb7 Rxb7 26. Ne5 Nd5 27. Qd3 a4 28. Qh7
Nf6 29. Qh8+ Ng8 30. c6 Rb5 31. Nd7+ Ke7 32. Qxg7 bxa3 33. d5 Rxd5 34. Rxd5 exd5
35. Qe5# 1-0